Which is Older?- Sudden Death - Statistics

General Stats
  • This quiz has been taken 230 times
  • The average score is 4 of 18
Answers on the Grid
Answers color-coded by a green-red scale on the quiz's grid according to % correct below.
Mesopotamia
Roman Empire
Trains
Cars
Age of Enlightenment
Renaissance
Han Dynasty
Qin Dynasty
Cleopatra
Pyramid of Giza
Johann Sebastian Bach
Ludwig von Beethoven
Paleolithic Era
Neolithic Era
Founding of Athens
Founding of Sparta
Martin Luther King Jr.
Betty White
Nintendo
McDonald’s
Jurassic Period
Cretaceous Period
Telephone
Printing Press
Star Wars
Star Trek
South Sudan
East Timor
Russian Revolution
French Revolution
United States of America
Germany
Bombing of Hiroshima
Bombing of Nagasaki
Gary Oldman
Gary Numan
 
Answer Stats
Answer % Correct
Mesopotamia
90%
Trains
89%
Renaissance
49%
Pyramid of Giza
45%
Qin Dynasty
28%
Johann Sebastian Bach
20%
Paleolithic Era
16%
Printing Press
14%
Betty White
12%
Bombing of Hiroshima
8%
Founding of Athens
8%
French Revolution
8%
Nintendo
8%
Star Trek
8%
East Timor
7%
United States of America
6%
Gary Numan
4%
Jurassic Period
1%
No matching quizzes found
Score Distribution
Percent of People with Each Score
Percentile by Number Answered
Your Score History
You have not taken this quiz